000 01334nam0a2200325 4500
001 RU\NLR\BIBL_A\022773151
005 20260531100219.0
010 _a978-5-9080773-1-6
_950
021 _aRU
_bКН-П-26-008748
_9КН-П-26-0832
035 _a(NLR Aleph) 022773151
090 _a13717881
_c13717881
100 _a20260402d2025 u y0rusy50 ca
101 0 _arus
102 _aRU
105 _aa z 000zy
181 0 _ai3
_baxxe
182 0 _an
200 1 _aПутеводитель по сегментированию
_fБорис Рыжковский
203 _aТекст
_bвизуальный
_cнепосредственный
210 _aЕкатеринбург
_cАльфа Принт
_d2025
215 _a125 с.
_cил.
_d22
320 _aБиблиогр.: с. 125 (5 назв.)
320 _aДр. кн. авт. на 7-й с.
606 1 _aМаркетинговые исследования
_xАнализ данных
_92593660
_3RU\NLR\AUTH\6601742244
686 1 _aУ5-361.4в6
700 1 _aРыжковский
_bБ.
_gБорис
942 _cBOOK
980 _aNB